Las clases sociales. Qué son y qué significan? / (Record no. 50777)

MARC details
000 -LEADER
campo de control de longitud fija 00668cam a2200241Mu 4500
001 - NÚMERO DE CONTROL
campo de control 44249
005 - FECHA Y HORA DE LA ÚLTIMA TRANSACCIÓN
campo de control 20230410120730.0
008 - DATOS DE LONGITUD FIJA--INFORMACIÓN GENERAL
campo de control de longitud fija 880628s1970 xx 000 0 und d
035 ## - NÚMERO DE CONTROL DEL SISTEMA
Número de control de sistema (OCoLC)ocm82866086
040 ## - FUENTE DE CATALOGACIÓN
Centro catalogador/agencia de origen NeAmISG
Centro/agencia transcriptor NEIGS
035 ## - NÚMERO DE CONTROL DEL SISTEMA
Número de control de sistema (OCoLC)82866086
050 14 - SIGNATURA TOPOGRÁFICA DE LA BIBLIOTECA DEL CONGRESO
Número de clasificación HT 609
Número de ítem O13c 1970
100 1# - ENTRADA PRINCIPAL--NOMBRE DE PERSONA
Nombre de persona Obregón, Eduardo.
245 14 - MENCIÓN DEL TÍTULO
Título Las clases sociales. Qué son y qué significan? /
Mención de responsabilidad, etc. E. Obregón.
250 ## - MENCION DE EDICION
Mención de edición [3ra ed.].
260 ## - PUBLICACIÓN, DISTRIBUCIÓN, ETC.
Lugar de publicación, distribución, etc. [Algorta (Vizcaya) :
Nombre del editor, distribuidor, etc. Zero,
Fecha de publicación, distribución, etc. 1970]
300 ## - DESCRIPCIÓN FÍSICA
Extensión 92 p.
440 #0 - MENCIÓN DE SERIE/PUNTO DE ACCESO ADICIONAL--TÍTULO
Título Colección "Lee y discute". Serie roja ;
Designación de volumen o secuencia 3
650 #0 - PUNTO DE ACCESO ADICIONAL DE MATERIA--TÉRMINO DE MATERIA
Término de materia o nombre geográfico como elemento de entrada Social classes.
942 ## - ELEMENTOS DE ENTRADA SECUNDARIOS (KOHA)
Fuente del sistema de clasificación o colocación Clasificación de Library of Congress
Tipo de ítem Koha
946 ## - PROCESAMIENTO DE INFORMACIÓN LOCAL (OCLC)
a mjcruz
994 ## -
-- C0
-- DRFGD
Holdings
Estatus retirado Estado de pérdida Fuente del sistema de clasificación o colocación Estado de daño No para préstamo Colección Biblioteca de origen Biblioteca actual Ubicación en estantería Fecha de adquisición Serial enumeration / chronology Signatura topográfica completa Código de barras Visto por última vez Copia número Tipo de ítem Koha
    Clasificación de Library of Congress     Ciencias Sociales Biblioteca Juan Bosch Biblioteca Juan Bosch Ciencias Sociales (3er. Piso) 10/04/2023 1 HT 609 O13c 1970 00000045123 24/10/2018 1